000 01099nam a2200265 a 4500
001 BRL_1440
005 20190320211216.0
008 150114s1992----mx-db#####---#000-0#spa-#
020 _a968293754X
041 _aspa
044 _amx
050 4 _aGT4814.A3
_b.R36 1992
100 1 _aRamos Galicia, Yolanda
_926920
245 1 0 _aCalendario de ferias y fiestas tradicionales del estado de Tlaxcala
_cYolanda Ramos Galicia.
260 _aMéxico, D.F.
_bInstituto Nacional de Antropología e Historia : Gobierno del Estado de Tlaxcala, Museo de Artes y Tradiciones Populares de la Casa de Artesanía de Tlaxcala
_c1992
300 _a381 p.
_bil., graficas
_c21 cm
_e+ 2 mapas plegables (uno de municipios y ferias y el otro de las ferias del centro y sur de Tlaxcala)
440 0 _aColección regiones de México
_926921
440 0 _aSerie Antropología
_99658
500 _aAu1779
650 1 4 _aFestivales
_zTlaxcala (Estado)
_926922
650 1 4 _aAyunos y fiestas
_zTlaxcala (Estado)
_926923
651 4 _aTlaxcala (Estado)
_xVida social y costumbres
_926924
902 _aGRL
942 _2lcc
_cB
999 _c10250
_d10250